Biblioteca

A History of Christianity (Registro nro. 47042)

Detalles MARC
000 -LÍDER
Campo fijo de descripción fija 014370000a22003490004500
001 - NÚMERO DE CONTROL
Campo de control 20691
003 - IDENTIFICADOR DEL NÚMERO DE CONTROL
Campo de control CO-MdFUSB
005 - FECHA Y HORA DE LA ULTIMA TRANSACCIÓN
control field 20190202100417.0
008 - ELEMENTOS DE LONGITUD FIJA -- INFORMACIÓN GENERAL
Campo fijo de descripción fija -- Información general 160919t1985 pau||||g |||| 00| 0 eng d
020 ## - NÚMERO INTERNACIONAL NORMALIZADO PARA LIBROS
Número Internacional Normalizado del libro 0-8006-0725-2 (Vol. 1)
020 ## - NÚMERO INTERNACIONAL NORMALIZADO PARA LIBROS
Número Internacional Normalizado del libro 0-8006-0759-7 (Vol. 2)
040 ## - FUENTE DE CATALOGACIÓN
Agencia de catalogación original CO-MdFUSB
Idioma de catalogación spa
Agencia que realiza la transcripción CO-MdFUSB
Agencia que realiza la modificación CO-MdFUSB
Convenciones de la descripción rda
041 ## - CÓDIGO DE IDIOMA
Código de idioma para texto/pista de sonido o título separado eng
082 ## - NÚMERO DE CLASIFICACIÓN DECIMAL DEWEY
Número de la edición del Dewey 24
Número de clasificación G 270
Clave de autor-Numero de item AL319h
100 1# - ASIENTO PRINCIPAL--NOMBRE PERSONAL
Nombre personal Aland, Kurt
Término relacionador autor
245 02 - TÍTULO
Título del Material A History of Christianity
Mención de responsabilidad, etc. / Kurt Aland, Traducido por James L. Schaaf
Parte restante del título - Subtitulo :
264 #1 - PRODUCCIÓN, PUBLICACIÓN, DISTRIBUCIÓN, MANUFACTURA, Y COPYRIGHT
Lugar de producción, publicación, distribución, manufactura Philadelphia, Pennsylvania :
Nombre del productor, publicador, distribuidor Fortress Press,
Fecha de producción, publicación, distribución, manufactura, o copyright ℗1985
264 #4 - PRODUCCIÓN, PUBLICACIÓN, DISTRIBUCIÓN, MANUFACTURA, Y COPYRIGHT
Fecha de producción, publicación, distribución, manufactura, o copyright ©1985
300 ## - DESCRIPCIÓN FÍSICA
Extensión 2 volúmenes
Otros detalles físicos :
Dimensiones ;
336 ## - TIPO DE CONTENIDO
Fuente rdacontent
Término de tipo de contenido texto
Código de tipo de contenido txt
337 ## - TIPO DE MEDIO
Fuente rdamedia
Nombre del tipo de medio sin mediación
Código del tipo de medio n
338 ## - TIPO DE SOPORTE
Fuente rdacarrier
Nombre del tipo de soporte volumen
Código Tipo de soporte nc
500 ## - NOTA GENERAL
Nota General Título original en alemán: Geschichte der Christenheit
501 ## - NOTA DE “CON”
Nota de Contenido Incluye índices (p. 449- 474)
505 0# - NOTA DE CONTENIDO
Nota de contenido con formato preestablecido Volumen 1: From the beginnings to the threshold of the Reformation / Desde los inicios hasta el umbral de la Reforma -- Los inicios del cristianismo -- El cristianismo en la Edad Media
505 0# - NOTA DE CONTENIDO
Nota de contenido con formato preestablecido Volumen 2: From the Reformation to the present / A partir de la Reforma hasta la actualidad -- El cristianismo en la Reforma -- El cristianismo después de la Reforma
563 ## - NOTA DE ENCUADERNACIÓN
Nota de encuadernación Pasta dura
650 #7 - ASIENTO SECUNDARIO DE MATERIA - TERMINO TEMÁTICO
9 (RLIN) 221
Término temático o nombre geográfico como elemento de entrada Reforma
650 #0 - ASIENTO SECUNDARIO DE MATERIA - TERMINO TEMÁTICO
Término temático o nombre geográfico como elemento de entrada Historia de la Iglesia
Subdivisión geográfica (Edad Media), ca. 600-1500
9 (RLIN) 285
942 ## - TIPO DE MATERIAL (KOHA)
Tipo de Item KOHA Libros General
Existencias
Estado de Material Estado de Perdido Forma de Clasificación Volumen-Parte/Tomo Estado de Dañado No para Préstamo Colección Tomo Biblioteca de Origen Biblioteca Permanente Fecha de Adquisición Total de Préstamos Signatura Topográfica Código de Barras Última vez visto Ejemplar/Existencia Fecha de Remplazo Tipo de Material Última vez Préstado
    Dewey Decimal Classification Vol. 1     Colección General   Biblioteca FUSBC Biblioteca FUSBC 18/08/2015   G 270 AL319h 20162 12/12/2019 Ej. 1 26/01/2016 Libros General  
    Dewey Decimal Classification Vol. 2     Colección General   Biblioteca FUSBC Biblioteca FUSBC 18/08/2015 2 G 270 AL319h 20163 19/02/2024 Ej. 1 26/01/2016 Libros General 05/02/2024

Biblioteca FUSBC | Teléfono: (57+4) 349 88 10 Ext. 141| WhatsApp (+57) 3005338115 
E-mail: biblioteca@unisbc.edu.co | Calle 76 87-14 Robledo Palenque, Medellín, Colombia

Con tecnología Koha